00359nam a22001097a 4500008004100000082001600041245010600057260005100163300000800214942001200222999001500234230621b xxu||||| |||| 00| 0 eng d a328.35bIPC aReport of the Executive Committee of the Commonwealth Parliamentary Association for the Year 1982-83 aLondonbCommonwealth Parliamentary Association a67p 2ddccBK c2335d2335